| 000 | 00518nam a22001697a 4500 | ||
|---|---|---|---|
| 003 | BD-DhUL | ||
| 005 | 20181120151911.0 | ||
| 008 | 181118snd. pk ||||| |||| 000 0 urd d | ||
| 040 |
_aBD-DhUL _cBD-DhUL |
||
| 082 |
_a891.431 _bAKD |
||
| 100 | 0 | _aاختر انصاری اکبر آبادی | |
| 245 | 0 |
_aدل رسوا / _cاختر انصاری اکبر آبادی _b |
|
| 260 |
_aکراچی : _bحلقہ ارباب فکر، _c۔ |
||
| 300 |
_aص۔ ۱۲۰ ؛ _c۱۸ سم۔ |
||
| 650 | 4 | _aUrdu poetry | |
| 942 |
_2ddc _cBK |
||
| 999 |
_c244739 _d244739 |
||